Letra da musica: O portador do Omnitrix. Parte 2 - Statistics

Estatísticas Gerais
  • Esse quiz foi jogado 11 vezes
  • A pontuação média é 202 de 500
Estatísticas das Respostas
Answerme % Correto
do
83%
1
67%
e
67%
o
67%
por
67%
relogio
67%
um
67%
2
50%
3
50%
a
50%
as
50%
bem
50%
com
50%
come
50%
de
50%
dia
50%
ele
50%
eles
50%
eu
50%
heroi
50%
mata
50%
me
50%
monstro
50%
no
50%
nos
50%
os
50%
se
50%
seu
50%
so
50%
sou
50%
ta
50%
te
50%
to
50%
tudo
50%
uma
50%
ve
50%
vilao
50%
vira
50%
virar
50%
acabar
33%
acelerar
33%
acho
33%
aconteceu
33%
agora
33%
ah
33%
ainda
33%
algo
33%
alien
33%
aliens
33%
amarelo
33%
antes
33%
aprender
33%
apresentados
33%
aqui
33%
arburiano
33%
arrebenta
33%
arrepende
33%
asas
33%
assim
33%
assombraçao
33%
atacar
33%
ate
33%
ativou
33%
barriga
33%
bora
33%
branco
33%
brasa
33%
cair
33%
caiu
33%
canhao
33%
carvao
33%
causando
33%
ce
33%
certo
33%
ceu
33%
chama
33%
chao
33%
chego
33%
chegou
33%
chegue
33%
cheiro
33%
cima
33%
cipo
33%
colher
33%
colossal
33%
como
33%
comum
33%
conhece
33%
conhecer
33%
conheceu
33%
conheço
33%
coragem
33%
corre
33%
criança
33%
da
33%
deitar
33%
dele
33%
demais
33%
dentro
33%
derrotado
33%
dessa
33%
destruiçao
33%
dica
33%
diferenças
33%
ditto
33%
diz
33%
ectonurita
33%
eita
33%
em
33%
engane
33%
entao
33%
entenderia
33%
entrando
33%
entre
33%
erupçao
33%
esconder
33%
esperança
33%
esse
33%
esta
33%
esticando
33%
estressando
33%
existe
33%
explodindo
33%
explosiva
33%
explosoes
33%
fazer
33%
fedeu
33%
ferrao
33%
florauna
33%
floresta
33%
flors
33%
fogo
33%
foi
33%
folhas
33%
fomos
33%
força
33%
forte
33%
frente
33%
gente
33%
glutao
33%
gosm
33%
gosma
33%
gosto
33%
gourmando
33%
grudenta
33%
halloween
33%
hora
33%
huh
33%
idem
33%
igual
33%
imparavel
33%
impressionante
33%
impressionar
33%
infancia
33%
insectoide
33%
inseto
33%
interessante
33%
isso
33%
ja
33%
junto
33%
juntos
33%
la
33%
lei
33%
lepidopterrano
33%
ligados
33%
logo
33%
mais
33%
mandou
33%
mano
33%
mas
33%
materia
33%
medo
33%
meio
33%
mente
33%
meus
33%
mim
33%
minha
33%
minhas
33%
mostrar
33%
mudou
33%
muitos
33%
multiplicar
33%
mundo
33%
na
33%
nao
33%
natal
33%
natureza
33%
noite
33%
nojenta
33%
novo
33%
onda
33%
onde
33%
ou
33%
pegando
33%
pelarota
33%
permitiu
33%
perto
33%
planeta
33%
planetas
33%
plantou
33%
pode
33%
poderes
33%
pois
33%
porque
33%
posso
33%
pra
33%
precisam
33%
precisar
33%
preciso
33%
prefiro
33%
prende
33%
pressao
33%
prontas
33%
pulso
33%
puro
33%
pyronita
33%
qualquer
33%
que
33%
quem
33%
quente
33%
quer
33%
raio
33%
renovar
33%
resolvo
33%
retorno
33%
rolando
33%
rolou
33%
rumo
33%
sabe
33%
sai
33%
salvar
33%
salvou
33%
selva
33%
selvagem
33%
sementes
33%
sente
33%
sinto
33%
situaçao
33%
soltaria
33%
sua
33%
tambem
33%
tantos
33%
tao
33%
tem
33%
temperatura
33%
tenho
33%
tira
33%
tirando
33%
tive
33%
tiver
33%
todo
33%
todos
33%
turvo
33%
umas
33%
usasse
33%
vai
33%
vencer
33%
verdance
33%
viver
33%
voar
33%
voce
33%
volta
33%
voltar
33%
vou
33%
vulcao
33%
kevin
17%
preso
17%
Nenhum quiz correspondente encontrado
Distribuição das Pontuações
Porcentagem de Pessoas com Cada Pontuação
Percentil de Números Respondidos
Sua Pontuação Histórica
Você não jogou esse quiz